Devine le comédien de doublage - Statistiques

Statistiques générales
  • Ce quiz a été pris 133 fois
    109 depuis la dernière actualisation
  • Le résultat moyen est 17 sur 55
Statistiques - réponses
Hint Réponse % Correct
Andrew Garfield (Spiderman)Titeuf et Hugo (Titeuf) Harold (Dragons) Tarzan Kristoff (La reine des neiges)
Andy (Toy Story) Denji (Chainsaw man) Reese (Malcolm) Loulou (La bande à Picsou) La chose (Les 4 fantastiques) Kamek (Super Mario Bros) Morty (King Julian) Tyler (Vampire Diaries) Terri et Perry (Monstres academy) Shinji Ikari (Evangelion) Petit Pied (Le Petit Dinosaure) Felix Fit Junior (Les Mondes de Ralph) Fred (Les nouveaux héros) Fly (Gloups ! je suis un poisson) Phineas (Phineas et Ferb) Carl (Bienvenue chez les Robinson) Haku (Le voyage de Chihiro)
Donald Reignoux
99%
Margot Robbie (dont Barbie en 2023)Hello Kitty Harley Quinn Starfire (Teen Titans Go)
Vanellope (Les mondes de Ralph) Suzy Q (Jojo) Alceste (Le Petit Nicolas) Yvonne, la mère (Tom Tom et Nana) Nelly, Celia et Tod (Inazuma Eleven les jeux DS)
Vitani jeune (Le Roi Lion 2)
Dorothée Pousséo
81%
Jim Carrey (The Mask, Ace Ventura...)Matthew Perry Simba (Le Roi Lion) Le recruteur (Squid Game) Buck (L'âge de glace) Kronk (Kuzco) Tom Scavo (Desperate Housewives) Chandler Bing (Friends) Dingo (Mickey Mouse) Maurice (Les pinguins de Madagascar) Funky Kong (Donkey Kong Country) Mr Magoo Gargamel et le Schtroumpf Grognon (Les Schtroumpf) Emmanuel Curtil
81%
Goku enfant (Dragon Ball)Son Goten, Trunks, C-18 (Dragon Ball Z) Oui Oui Neville, Fred Weasley et George Weasley (Harry Potter) Grey enfant, Luxus enfant et Roméo enfant (Fairy Tail) Bouba le petit ourson Victor (Angelo la débrouille saison 4) Robin (Batman) Groschampion et Ti'coquin (Les Bisounours) Brigitte Lecordier
76%
Ellie (The Last of Us le jeu vidéo)Zelda (The legend of Zelda) Jinx (Arcane) Elizabeth (Seven deadly sins)
Kiki (Kiki la petite sorcière) Becky (Le Petit Dinosaure) Taffyta (Les mondes de Ralph) Claire (Ma famille d'abord) Jadina (Les légendaires) Ambre (Robocar Poli) Zia (Les mystérieuses cités d'or) Camille la chenille et Belle la coccinelle (Drôle de petites bêtes) Everest (Pat Patrouille)
Adeline Chetail
72%
Buzz l'éclair (Toy Story) Le Génie (Aladdin) Shan-yu (Mulan) Bruce (Le Monde de Nemo) Kron (Dinosaure) Kazar (The Wild) Mr Waternoose (Monstres et Cie) Willie le géant (Mickey et le haricot magique) Richard Darbois
68%
Mickey MouseKermit (Les Muppets) Winnie, Coco Lapin et Porcinet (Winnie) Astérix Chat de Cheshire (Alice au pays des merveilles) Maestro (Il était une fois l'Homme) Kaa (Le Livre de la Jungle) Jiminy Criquet (Pinocchio) Pongo (Les 101 dalmatiens) C-3PO (Star Wars) Roger Carel
66%
Daffy Duck et Taz (Looney Tunes)Alvin (Alvin et les Chipmunks)
Stitch et David (Lilo et Stitch)
Hercule Toad (Super Mario Bros le film) Ti-Biscuit (Shrek) Morty (Madagascar)
Caspian (Le monde de Narnia)
Gale (Hunger Games)
John (Desperate Housewives) Otis (La ferme en folie) Kaeloo Bernie (Corneille et Bernie) Tulio (Rio) Mitch (Objectif Blake) Riri (La Bande à Picsou) Le père (Les Sisters)
Emmanuel Garijo
56%
Raymond (Scènes de ménage)Tito (Oliver et Compagnie) Le grand Schtroumpf (Les Schtroumpf) William Dalton (Film Lucky Luke de 1991) Jack Dalton (La Ballade des Dalton) Le narrateur (Le Petit Dinosaure) Joe le cuisinier (La Belle et le Clochard) Atmosférix (Astérix et le secret de la potion magique) Eureka (La Petite sirène) Gonzo (Le Muppet Show) Professeur Moriarty (Sherlock Holmes) Oncle Emile (Bouba) Jasper (Les 101 Dalmatiens) D'Artagnan (Les Trois Mousquetaires) Mr Hibou (Bambi) Gérard Hernandez
56%
Bob Razowski (Monstres et Cie et Monstres Academy)Le Marsupilami
Iago (Aladdin) Vector (Moi moche et méchant)
Pikly (Lilo et Stitch) Peine et Panique (Hercule) Grosbisou et Grosdodo (Les Bisounours) Le Chapelier Fou (Alice au pays des merveilles le film) Les souris aveugles (Shrek) Fifre (La Belle et la Bête 2)
Rantanplan (Les Dalton le film)
Eric Metayer
51%
Jack BlackInosuke (Demon Slayer) Jiji (Kiki la petite sorcière) Max (Dingo et Max) Sid (Toy Story) Joe Dalton (Lucky Luke) Eric Cartman (South Park) Roy (Robocar Poli) Christophe Lemoine
48%
Jacky (Scènes de ménage)Grosminet et Sam le pirate (Looney Tunes) Tigrou (Winnie) Bayonne (Toy Story)
Averell Dalton (Lucky Luke) Potiron, Culbuto, Sournois et Finaud(Oui Oui) Victor (La famille Pirate) Horace (Les 101 Dalmatiens)
Professeur MacKrill (Gloups ! Je suis un poisson) Gorgious (Les zinzins de l'espace) Nigel (La famille Delajungle)
Patrick Préjean
47%
Homer, Abraham et Otto (Les Simpson)Maître Rhino (Kung Fu Panda) Manitou (Hamtaro) Philippe Peythieu
47%
Dory (Nemo)Bulma et Chichi (Dragon Ball) La Schtroumpfette (Les Schtroumpf)
Maman Gourou (Winnie l'Ourson)
Lucy (Le Monde de Narnia) Dorothée (Le magicien d'Oz)
Gigi (Gigi)
Céline Monsarrat
44%
Jenna Ortega (dont Mercredi Addams)Anna (La reine des neiges)
Fred enfant (Scooby !) Belle (La Belle et la Bête le live Action) Ellie (The Last of Us la série télé) Anna (Once Upon a time) Fuli (La garde du roi lion) Barbalala (Barbapapa) Mia (Mia et le lion lanc) Marie-Edwige (Le Petit Nicolas) Petit Dragon (Foot 2 Rue)
Emmylou Homms
44%
Hughette (Scènes de ménage)Loïs (Malcolm)
Bonemine (Astérix et les Vikings) Lizzie (Cars) Alvin (Les Aventures des Chipmunks)
Marion Game
43%
Ryder (Pat Patrouille)Arthur (Shrek 3) Junior (Ma famille d'abord) Minho (Le Labyrinthe) Terence (La Fée Clochette) Léon le Bourdon (Drôles de petites bêtes) Alexandre Nguyen
41%
Natsu (Fairy Tail)Ban (Seven Deadly Sins) Dabi et Monoma (My Hero Academia) Bertold (SNK) Arthur (Fire Force)
Koby (One Piece) Toge (Jujutsu Kaisen) Beshte (La garde du roi lion) Imayoshi et Furihata (Kuroko's basket) Sly (Foot 2 Rue Extrême) Sugino (Assassination classroom)
Prince Philippe (Maléfique)
Arnaud Laurent
38%
Eren (SNK)Deku/Best Jeanist (My hero academia) Karma (Assassination classroom) Meruem (Hunter Hunter) Yuno (Black clover)
Genos (One Punch Man) Jack (Pandora Heart) Takao (Kuroko's basket)
Bastien Bourlé
38%
Vegeta, Mr Popo, Yamcha (Dragon Ball)Flash Mcqueen (Cars)
Seiya et le narrateur (Saint Seiya) Mobius M. Mobius (Loki) Jolly Jumper et le narrateur (Lucky Luke)
Eric Legrand
35%
Jennifer Lawrence (dont Katniss de Hunger Games)Dakota Fanning (dont Jane de Twilight) Amanda Seyfried (dont Sophie de Mamma Mia) Rachel (Glee) Kiara enfant (Le Roi Lion 2) Nami (One Piece) Nobara (Jujutsu Kaisen) Lute (Hazbin Hotel) Fée Clochette Marine (Les Sisters)
Mimi Geignarde (Harry Potter) Zoé (Alvin et les Chipmunks 3)
Ellate (Seven deadly Sins prisoners of the Sky)
Kelly Marot
35%
Saitama (One Punch Man)Angelino (Mutafukaz) Orelsan
34%
Livai (SNK)Kise et Himuro (Kuroko's Basket)
Ace, Saga, Satori et Hannyabal (One Piece) Shoto et Overhaul (My Hero Academia)
Cobra, Hughes, Sting et Shaw (Fairy Tail) Whis (Dragon Ball) Boomer et Shawapufu (Hunter Hunter)
Sidon (Jeux The Legend of Zelda BOTW et TOTK) Michelangelo (Les tortues ninjas) Amon (Tokyo Ghoul) Maehara (Assassination classroom)
Kaname (Vampire Knight) Undertaker et Pluton (Black Butler)
Nagisa (Evangelion 2.0 et 3.0)
Cream (Fairy Tail, la prêtresse du phoenix)
Bruno Méyère
33%
Ariel (La Petite Sirène)Sam (Totally Spies) Susan (Desperate Housewives) Maman Gourou, voix chantée (Winnie l'ourson) Lyria (Fée clochette)
Marraine la bonne fée (Shrek)
Claire Guyot
32%
Professeur LaytonLeolio (Hunter Hunter) Aomine et Hanamiya (Kuroko's Basket)
Mustang (Fullmetal Alchemist) Whisper (Yo Kai Watch) Crocodile (One Piece seulement Impel Down et Marineford)
Takaoka et Gakushu Asano (Assassination classroom)
Present Mic (My hero academia)
Abacchio (Jojo) Tom (Talking Tom and friends)
Dist (Fairy Tail : La prêtresse du Phoenix)
Martial Le Minoux
32%
Edward (Fullmetal)Gabriel (Foot 2 Rue) Rustik (Dragons) Marco (Titeuf) Gidéon enfant (Zootopie)
André (Victorious)
Shidou (Blue Lock)
Arthur Pestel
29%
Bugs BunnyJoe Dalton
Garfield Netero (Hunter Hunter) Hades, Jienma, Bluenote et Bob (Fairy Tail) Yamcha et Raditz (Dragon Ball) Tortue Géniale et Freezer (Dragon Ball GT)
Le requin marteau (Le monde de Nemo)
Arthur (Black Butler) Nick Fury, Captain America, Dr Strange (Spiderman série d'animation) Philoctète (Hercule la série d'animation)
Gérard Surugue
29%
Luffy (One Piece)Tante May (Spiderman) Maman Pig (Peppa Pig) Stéphane Excoffier
29%
Kirua et Machi (Hunter Hunter) Annie (SNK) Nathan (Yo Kai Watch) Miss Doublefinger (One Piece) Mannish Boy, le bébé de la partie 3 (Jojo) Tek et No (Foot 2 Rue) Nakamura (Assassination classroom) Pascale Chemin
27%
Meliodas (Seven Deadly Sins)Adrien/Chat noir (Miraculous) Peter Parker (Spiderman across the Spider-Verse) Robin des Bois
Joey (Foot de rue Extrême) Ono (La garde du roi Lion) Tintin (Tintin le secret de la licorne, le film)
Thunk (Les Croods)
Peter Pan (Once Upon A Time) John (Peter Pan) Yann (Oum le dauphin blanc) Oliver Marchence (Katrielle Layton le jeu DS)
Benjamin Bollen
24%
Makarov (Fairy Tail)Moe, Lenny, Carl, Cletus, Frink et Willie (Les Simpson) Tortue Géniale, Maitre Kaïo et Kaïo Shin (Dragon Ball)
Maire Bourgeois, Mr Damoclès et Maitre Fu (Miraculous)
Tanaka (Black Butler) Squeak (Garfield) Kaos (Skylanders) Monsieur Mackey (South Park)
Principal Mazur (Dingo et Max)
Gidéon Grey adulte (Zootopie)
Gilbert Lévy
24%
Kirito (Sword Art Online)Kuroko (Kuroko's Basket)
Kaneki (Tokyo Ghoul) Armin (SNK) Nagisa (Assassination classroom) Sabo (One Piece) Sonic (One Punch man) Killua (Hunter Hunter 1999) Hendrickson (Seven Deadly Sins)
Bala (Le Livre de la jungle)
Adrien Solis
23%
Mahito (Jujutsu Kaisen)Le roi Arthur (Camelot)
Rody (My Hero Academia)
Kai (Vampire Diaries) Andrew (Desperate Housewives) Porco (SNK)
Yoann Sover
22%
NarutoBloom (Les Winx) Sarah (Ma baby sitter est un vampire) Vincent (Chica Vampiro) Nobita (Doraemon) Carole Baillien
20%
Conny (SNK) Rackheid, Wahl, Arzak, Jackal et Hibiki (Fairy Tail) Hanzo, Sharnalk, Cheetu et Gon adulte (Hunter Hunter) Koganei (Kuroko's Basket) Kenma (Haikyuu) Isogai (Assassination classroom) Langris, Marx et Leopold (Black clover) Shinra (Fire Force) Yuga, Hanta et Natsuo Todoroki (My hero academia) Cavendish (One Piece) Gregory Laisne
20%
Caroline Forbes (Vampire Diaries et The Originals)Lydia (Teen Wolf) Selim Bradley (Fullmetal Alchemist) Pilou, Louis et Dany (T'choupi à l'école)
Lola (Baby Looney Tunes) Clover (Totally Spies) Kanae (Demon Slayer)
Petit Pied (Le Petit Dinosaure) Barbibul (Les Barbapapa)
Eleonore (Alvin et les Chipmunks)
Emily (Hazbin Hotel) Julie (Robocar Poli) Katrielle Layton (Katrielle Layton le jeu DS)
Fily Keita
19%
Endeavor et Gran Torino (My hero academia)Yami (Black Clover) Joseph Joestar vieux (Jojo) Capone Bege pré ellipse (One Piece) Leoru (Hunter Hunter) Rhode Reiss (SNK)
Le père de Johnny (Tous en scène)
Jilkonis (Fairy Tail) Cannon (Fairy Tail, la prêtresse du phoenix)
Frédéric Souterelle
19%
Gon (Hunter Hunter) Krilin et Son Gohan enfant (Dragon Ball)
Victor (Angelo la débrouille saisons 1 à 3) Esteban (Les mystérieuses cités d'or) Rouky jeune (Rox et Rouky) Aloïs Trancy (Black Butler) Edmund (Le Monde de Narnia) Jerry (Tom et Jerry) Jean Christophe et Petit Gourou (Winnie)
Saga enfant et Léo (One Piece) Eave et Mary Hughes (Fairy Tail) Jeanne (Jeanne et Serge) Michaël (Peter Pan) Gizmo (Teen Titans Go)
Jackie Berger
19%
Michael Kyle (Ma famille d'abord)Fried, Horologium, Nab, Readers, Nady, Mr Sol et Rahal (Fairy Tail) Satotsu (Hunter Hunter)
Choso (Jujutsu Kaisen)
Bradley Dugratin (Dingo et Max 2)
Aro (Twilight)
Chuck (Gloups ! Je suis un poisson)
Maxence Dezafer (Katrielle Layton le jeu DS)
Stéphane Ronchewski
19%
Ivankov (One Piece)Kuroro/Chrollo (Hunter Hunter)
Jean et Mike (SNK)
Kagami (Kuroko's Basket)
Racer et Mest (Fairy Tail) Present Mic (My hero academia saisons 1 et 2) Terasaka (Assassination classroom)
Hanzo (Hunter Hunter 1999)
Orbot et Cubot (Sonic Boom)
Benjamin Pascal
18%
Tanjiro (Demon Slayer)King (Seven Deadly Sins) Pierre Lapin Falco (SNK) Johnny Test Koichi (Jojo) Enzo Ratsito
18%
Grey (Fairy Tail)Reiner (SNK) Bakugo, Shoji et Spinner (My hero academia) Mars (Black Clover) Emmanuel Rausenberger
13%
Sasuke, Bisuke, Kimimaro, Genma, Kidomaru, Menma (Naruto)Jude (Inazuma Eleven)
Tanaka (One Piece Gold) Mihawk, Lucci et X Drake (One Piece Stampede) Chaka, Kohza, Ichiji, Kuro, Ace enfant (One Piece)
Christophe Hespel
10%
Tenshinan (Dragon Ball)Gildarts, Sugar Boy, Arcadios, Silver, Acnologia et Yomazu (Fairy Tail) Le narrateur (Hunter Huter) Hannes et Dot Pixis (SNK) Bud (Les Zinzin de l'espace) Baggy, Don Krieg, Ener et Hogback (One Piece) Marc Bretonnière
9%
Erza (Fairy Tail)Jessie (Film Pokemon 4 et 7) Chantal Baroin
8%
Mirio (My hero academia)Alastor (Hazbin Hôtel) Benimaru (Fire Force) Maxime Hoareau
8%
Ronchon (Taram et le chaudron magique)Bugs Bunny Woody Woodpecker Dupont (Tintin) Guy Piérauld
6%
Gaara, Ebisu et le 4ème Raikage (Naruto)Zoro (One Piece jusqu'à Skypiea)
Shawn et Aiden (Inazuma Eleven) Shawn et Chester Horse Junior (Inazuma Eleven Go)
Timmy (Les Winx) Richard, le père (Gumball)
Shawn, Caleb, Dylan (Inazuma eleven 3 le jeu DS)
Tony Beck
6%
Zira (Le Roi Lion)Yzma (Kuzco)
Cruella (Les 101 Dalmatiens)
La mère de Sid (Toy Story) Ruby (La Belle et le clochard 2)
Elisabeth Wiener
5%
Biscuit et Amane (Hunter Hunter)Carla (Fairy Tail)
Lola et Elliot (Angelo la débrouille) Lana (Bienvenue chez les Loud) Paninya (Fullmetal Alchemist)
Frédérique Marlot
5%
Usopp (One Piece)Shikamaru et Lee (Naruto) Jean-Pierre Denuit
5%
Todo (Jujutsu Kaisen)Gajeel, Rog et Ignir (Fairy Tail) Knuckle (Hunter Hunter) Wakamatsu et Murasakibara (Kuroko's Basket) Magna (Black Clover) Stain, Gang Orca et Tetsutetsu (My hero academia) Karasuma et Yoshida (Assassination classroom) Jérémy Zylberberg
4%
Baggy, Mihawk, Kumadori et Johnny (One Piece)Baki, Fugaku, Dosu et Danzo (Naruto) Hurley et Travis (Inazuma Eleven) Riven (Les Winx) Hurley et Samguk (Inazuma Eleven Go) Mathieu Moreau
4%
Hisoka (Hunter Hunter)Midorima et Mibuchi (Kuroko's Basket) Nozel, Licht et Patry (Black Clover)
Griffith (Berserk) Soma (Fruits Basket)
Sebastien (Black Butler)
Nagisa (Evangelion 1.0)
Ryuk (Death Note les films)
Melone (Jojo)
Jean Marco Montalto
3%
Kurapika (Hunter Hunter)Léon et Jett (Fairy Tail)
Ian Gallagher (Shameless)
Sam (Gossip Girl) Elliot (Pandora Hearts)
Rémi Caillebot
1%
Aucun quiz correspondant
Distribution des résultats
% des personnes avec chaque résultat
Percentile par nombre de réponses
Votre historique - résultats
Vous n’avez pas pris ce quiz depuis la dernière actualisation